Missing Word: Time on Screen Quiz Stats

Quiz Updated Dec 21, 2017

Challenge
Share
Tweet
Embed
Score 0/20 Timer 05:00
0 Plays Today
Title Answer % Correct
___ the 13thFriday
97.6%
Gone in Sixty ___Seconds
97%
The Longest ___Day
96.6%
___ Night FeverSaturday
95.8%
Seven ___ in TibetYears
94%
Ash ___Wednesday
90.5%
Darkest ___Hour
89.5%
From Here to ___Eternity
87.5%
___ at Bernie'sWeekend
83.8%
20th ___ WomenCentury
83.4%
Title Answer % Correct
It Always Rains on ___Sunday
81%
28 ___ LaterWeeks
80.8%
D-Day the Sixth of ___June
76.1%
Nine ___Months
75.3%
Stormy ___Monday
68.2%
___ with MorrieTuesdays
67.9%
15 ___Minutes
66.9%
___ FluxÆon
55%
The Winning ___Season
20.4%
Everlasting ___Moments
9.4%

Today's Daily Dose

You're not logged in!

Compare scores with friends on all Sporcle quizzes.
Join for Free
OR
Log In

You Might Also Like...

Show Comments

Extras

Top Quizzes Today


Score Distribution

Your Account Isn't Verified!

In order to create a playlist on Sporcle, you need to verify the email address you used during registration. Go to your Sporcle Settings to finish the process.

Report this User

Report this user for behavior that violates our Community Guidelines.

Details: